[Event "Krakow op-C"]
[Site "Krakow"]
[Date "2022.07.02"]
[Round "9"]
[White "Khimichenko, Dmytro"]
[Black "Herka, Jakub"]
[Result "1/2-1/2"]
[WhiteElo "1412"]
[BlackElo "1520"]
[PlyCount "45"]
[EventDate "2022.06.25"]
[EventType "swiss"]
[EventRounds "9"]
[EventCountry "POL"]
[SourceTitle "EXT 2023"]
[Source "ChessBase"]
[SourceDate "2022.10.05"]
[SourceVersion "1"]
[SourceVersionDate "2022.10.05"]
[SourceQuality "1"]

1. e4 c5 2. Nf3 d6 3. d4 cxd4 4. Nxd4 Nf6 5. Nc3 a6 6. Be2 e6 7. Be3 b5 8. a3 Bb7 9. f3 Be7 10. 0-0 0-0 11. Qd2 Nbd7 12. Rad1 Rc8 13. Nb3 Qc7 14. Qe1 d5 15. exd5 Nxd5 16. Nxd5 Bxd5 17. Nd4 Bf6 18. c3 Nb6 19. Bc1 Rfd8 20. Qf2 Bc4 21. Bxc4 Nxc4 22. Nc2 Rd7 23. Ne3 1/2-1/2